000 00790nam a2200253Ia 4500
003 OSt
005 20220928115449.0
006 a|||||r|||| 00| 0
007 ta
008 220927b |||||||| |||| 00| 0 eng d
020 _c1078.9206999999999
024 _a107198
037 _b28982, 10/03/2010, Segment Book Distributors
_cTextual
040 _aSDCL
_cSDCL
_beng
041 _2eng
_aeng
082 _aR:(W), P7
100 _aRorty Richard
_9416877
245 0 _aPhilosophy as cultural politics
_b Philosophical papers.
260 _aCambridge
_bCambridge University Press
_c2007
300 _axi,206p
_ccm.
650 _aPolitical Science
942 _hR:(W), P7
_cTEXL
_2CC
999 _c759474
_d759474